|
|
|
|
| LEADER |
01502nam a2200289 a 4500 |
| 001 |
13250462 |
| 008 |
120708r20092004enkab b 101 0 eng d |
| 010 |
|
|
|a 2003056294
|
| 020 |
|
|
|a 0754635880 (alk. paper)
|
| 040 |
|
|
|a DLC
|c DLC
|d DLC
|d BD-DhAAL
|
| 082 |
0 |
0 |
|a 307.76
|2 22
|
| 245 |
0 |
0 |
|a New forms of urbanization :
|b beyond the urban-rural dichotomy /
|c edited by Tony Champion and Graeme Hugo.
|
| 260 |
|
|
|a Aldershot, Hants, England ;
|a Burlington, VT :
|b Ashgate,
|c c2004.[Reprinted 2009]
|
| 300 |
|
|
|a xxiv, 420 p. :
|b ill., maps ;
|c 23 cm.
|
| 500 |
|
|
|a Revised papers commissioned for and discussed at meetings of the Working Group on Urbanization of the IUSSP (International Union for the Scientific Study of Population) held in Bellagio, Italy.
|
| 504 |
|
|
|a Includes bibliographical references (p. [385]-411) and index.
|
| 541 |
|
|
|a 00025566
|
| 650 |
|
0 |
|a Urbanization
|v Cross-cultural studies
|v Congresses.
|
| 650 |
|
0 |
|a Rural-urban migration
|v Cross-cultural studies
|v Congresses.
|
| 650 |
|
0 |
|a Cities and towns
|x Growth
|v Cross-cultural studies
|v Congresses.
|
| 650 |
|
0 |
|a Human settlements
|x Statistics
|v Congresses.
|
| 650 |
|
0 |
|a Urbanization
|x Statistics
|v Congresses.
|
| 700 |
1 |
|
|a Champion, A. G.
|q (Anthony Gerard)
|
| 700 |
1 |
|
|a Hugo, Graeme.
|
| 852 |
1 |
|
|a Ayesha Abed Library
|j General shelf
|
| 999 |
|
|
|c 12524
|d 12524
|
| 952 |
|
|
|0 0
|1 0
|2 ddc
|4 0
|6 307_760000000000000_NEW
|7 0
|9 20682
|a IGS
|b IGS
|c GEN
|d 2012-07-08
|e Riza Enterprise
|g 9500.00
|l 1
|m 4
|o 307.76 NEW
|p 3010025566
|r 2014-06-09
|s 2012-12-19
|t 1
|w 2012-07-08
|y BK
|